[Event "USA-ch"]
[Site "Saint Louis"]
[Date "2015.04.09"]
[Round "8"]
[White "Troff, Kayden W"]
[Black "Nakamura, Hikaru"]
[Result "0-1"]
[WhiteElo "2532"]
[BlackElo "2798"]
[Annotator "Gormally,D"]
[PlyCount "68"]
[EventDate "2015.04.01"]
[EventType "tourn"]
[EventRounds "11"]
[EventCountry "USA"]
[EventCategory "16"]
[SourceTitle "CBM 166"]
[Source "ChessBase"]
[SourceDate "2015.05.11"]
[SourceVersion "1"]
[SourceVersionDate "2015.05.11"]
[SourceQuality "1"]

1. d4 Nf6 2. c4 e6 3. Nf3 c5 4. d5 exd5 5. cxd5 d6 6. Nc3 g6 7. g3 Bg7 8. Bg2
O-O 9. O-O Re8 10. Re1 a6 11. a4 Nbd7 12. e4 {Somewhat double-edged as this
weakens the d3-square, so often an important target for Black in the Benoni.} (
12. Bf4 {is more solid.} Nh5 (12... Qc7 13. Rc1 h6 14. b4 b6 {Gleizerov,E 
(2557)-Martynov,P (2298) Stockholm 2013, was also a solid choice for Black.})
13. Bg5 (13. Bxd6 $2 Qb6) 13... Qc7 14. e4 h6 15. Bd2 {with a slight edge for
White in Dautov,R (2601)-Degraeve,J (2544) Germany 2008}) 12... Ng4 $1 {
Already perhaps intending a plan of ...Ne5 ...c4 ...Nd3} 13. Nd2 (13. Bg5 Qb6
14. Qc2 h6 15. Bf4 g5 16. Bc1 Nde5 17. a5 Qa7 $6 (17... Qc7 {looked more
typical}) 18. Nxe5 Nxe5 19. Na4 $1 b5 (19... Bg4 20. Ra3 $1) 20. axb6 Qb8 21.
f4 Ng4 22. e5 dxe5 23. h3 Bd7 24. fxg5 e4 25. hxg4 Qxg3 26. Qf2 {Seirawan,Y 
(2630)-Christiansen,L (2550) Chandler 1997, and White was already winning.}) (
13. h3 Nge5 14. Nxe5 Nxe5 15. f4 Nd7 {should be just about ok for Black. It is
generally acknowleged that in the Benoni it is in Black's favour to exchange
pieces as he is somewhat lacking in space.} 16. Be3 Qa5 $13) 13... Nge5 14. Bf1
g5 {Somewhat forced, otherwise White will drive away the knight with f4.   Of
course this move weakens some important squares on the kingside so involves an
element of risk, but you can hardly play an opening like the Benoni quietly.  
The dynamic features of this opening suit Nakamura's style perfectly well, as
he likes to drag the opponent into unfathomable complications and then simply
outcalculate him.} 15. h3 ({White can try the immediate} 15. f4 {anyway, but
this entails a huge amount of risk.} gxf4 16. gxf4 Ng6 $1 ({The crazy looking} 
16... Qh4 {needs to be considered, even if there should be a way for White to
consolidate his extra piece.} 17. fxe5 Nxe5 18. Qe2 $1 Nd3 $2 (18... Bg4 19.
Qf2) 19. Qxd3 Qxe1 20. Nf3 {trapping the queen.}) 17. Nc4 Bd4+ (17... Qh4 18.
Nxd6 Nf6 {is another wild line, even if this is hard to believe. Black
directly targets the white king.} 19. Nxe8 Ng4 20. Re2 Bd4+ 21. Kh1 Nf2+ 22.
Rxf2 Qxf2 23. Bg2 {and White should be able to repulse the threats.}) 18. Be3
Bxe3+ (18... Bxc3 $6 19. bxc3 Nf6 (19... Rxe4 20. Nxd6 Rxe3 21. Rxe3 Nf6 22.
Nxc8 Rxc8 23. Bh3 {is too optimistic for Black}) 20. f5 $1) 19. Rxe3 Nb6 $1 (
19... Nf6 $1 {also looks fine}) 20. f5 Nxc4 21. Bxc4 Ne5 {should be perfectly
fine for Black as the knight occupies an excellent square in the centre.})
15... Qf6 16. Qh5 Bh6 $1 {Awkward, but typical of the computer generation
style of play in that it doesn't matter whether a move looks ugly or not, it's
whether it works.} 17. Nd1 g4 18. Ne3 Bxe3 19. Rxe3 Qg7 20. hxg4 Nxg4 $6 {
Slightly sloppy from the normally very accurate Nakamura.} (20... Nf6 $1 21.
Qh1 Nfxg4 22. Rc3 Bd7 {would solve all of Black's problems.}) 21. Rc3 Ndf6 (
21... Nde5 22. f3 $1 Nf6 23. Qh4 {and White is beginning to consolidate his
position, as it's difficult for Black to now achieve anything on the kingside.
If White fully mobilises his forces, something that he was unable to achieve
in the game, then he will be much better due to the weakened dark squares in
Black's position.}) 22. Qh1 Re5 23. Qf3 Bd7 (23... Qg6 $5) 24. Qd3 $2 {A
serious error, after which Black's attack becomes overwhelming. You can
imagine what Troff was intending with this move, he frees up the f3-square for
the knight. But the queen was doing a good job on f3 of holding together his
position.} ({White should have played the concrete} 24. Rb3 $1 {giving Black
an awkward decision, whether to passively defend the pawn or try to plough on
with the attack.} Qh6 $1 {he should certainly plough on} 25. Qg2 Rh5 26. Nf3
Qg7 {Now Black's threat of taking on e4 seems quite serious, so White's next
is probably forced} 27. Nh4 Nxf2 $1 {the best practical chance} 28. Kxf2 Ng4+
29. Ke2 $5 {a crazy winning attempt} ({against Naka I would certainly play} 29.
Kg1 Qd4+ 30. Kh1 Nf2+ 31. Kh2 {with a draw- and desperately pray he doesn't
have anything better! :D}) {and now Black has a choice between} 29... Qd4 ({or
} 29... Re8 {both offering excellent play for the piece;}) 30. Rd3 Qb4 {
this is a complete mess and almost impossible to evaluate, which is why I'm
sure Troff would have gone for 29.Kg1} 31. b3 (31. Rda3 Re8 32. Kd1 $1 Rxe4 33.
Kc2 {is also a complete mess}) 31... c4 $40) (24. Bd3 Rae8 25. Nc4 Rxe4 $1 26.
Bxe4 Nxe4 {gives Black tremendous compensation for the exchange.}) 24... Qh6 $1
25. Bg2 (25. Nf3 Qh5 {when e4 will inevitably drop and the queen stuck on d3
can offer no help to its beleagured king.}) 25... Qh2+ 26. Kf1 Nxf2 $1 27. Kxf2
Bh3 28. Qf1 Rxe4 $19 29. Nxe4 Nxe4+ 30. Ke3 Bxg2 31. Qf4 Nxc3 32. Qg5+ Kf8 33.
bxc3 Re8+ 34. Kf2 Bh1+ 0-1

[Event "Bundesliga 0405"]
[Site "Germany"]
[Date "2005.02.13"]
[Round "11.1"]
[White "Haba, Petr"]
[Black "Levin, Felix"]
[Result "1/2-1/2"]
[WhiteElo "2520"]
[BlackElo "2498"]
[Annotator "Kapengut"]
[PlyCount "71"]
[EventDate "2004.11.12"]
[EventType "team-tourn"]
[EventRounds "15"]
[EventCountry "GER"]
[SourceTitle "CBM 106"]
[Source "ChessBase"]
[SourceDate "2005.06.06"]
[SourceVersion "1"]
[SourceVersionDate "2005.06.06"]
[SourceQuality "1"]
[WhiteTeam "Erfurt"]
[BlackTeam "Muelheim Nord"]
[WhiteTeamCountry "GER"]
[BlackTeamCountry "GER"]

1. d4 Nf6 2. c4 e6 3. g3 c5 4. d5 exd5 5. cxd5 d6 6. Nc3 g6 7. Bg2 Bg7 8. Nf3
O-O 9. O-O a6 10. a4 Nbd7 11. Bf4 {The Fianchetto Variation against the Modern
Benoni has a solid reputation. The Knight pirouette Nf3-d2-c4- (a3) has
occurred in over 50% of the games. White often wants to avoid this manoeuvre.
There are a number of ways to do this, one of them is imediately 11.Bf4, and
Black has a choice between the development of Queen to c7 or e7.} Qe7 12. Qd2
$6 {[%mdl 4] This is not a precise move, because White can use this square for
the knight or the bishop.} Nb6 $5 $146 (12... Re8 13. Rfe1 (13. Rad1 $6 Rb8 14.
e4 Ng4 15. h3 Nge5 16. Nxe5 Nxe5 17. Bxe5 Bxe5 18. f4 Bd4+ 19. Kh2 b5 20. axb5
axb5 21. b4 Qa7 22. Ne2 Bg7 23. bxc5 Qxc5 24. Rc1 Qa3 25. Rf3 Qa7 26. Rb3 Bd7
27. Qb4 Qb6 $11 {Giezendanner,J-Mueller,L/Lenk 1989}) (13. Rfc1 Qf8 14. Rab1 h6
15. Qd1 g5 16. Bd2 Nb6 17. Qb3 Nbd7 18. Qd1 Nb6 19. Qb3 Nbd7 {1/2-1/2 Hausner,
I-Schmittdiel,E/Augsburg 1987}) (13. h3 Qf8 14. Qc2 Nh5 15. Bd2 Ne5 16. Kh2 b6
(16... Nxf3+ 17. Bxf3 Qe7 18. a5 (18. Bxh5 gxh5 19. Bf4 Rb8 20. Qd3 Qd7 $132)
18... Nf6 19. Rfe1 Rb8 20. Bg2 b5 21. axb6 Rxb6 $132) 17. Nxe5 Bxe5 18. f4 Bd4
19. e4 Rb8 20. Ne2 $6 (20. g4 $142 $5 Ng7 21. Ne2 Bf6 22. g5 Bd8 23. Bc3 $16)
20... Bg7 21. Bc3 f5 22. Rae1 fxe4 23. Bxe4 Nf6 24. Bg2 Qf7 25. Qd1 b5 26. b4
Bb7 27. axb5 axb5 (27... cxb4 $5) 28. f5 g5 $17 {[%csl Rd5] Martin del Campo,
J-Huerta,R/Merida 2000}) 13... Rb8 (13... Ng4 $5 14. e4 Rb8 15. Qc2 b5 16. axb5
axb5 17. Ra7 b4 18. Na4 Rb7 19. Ra8 Nde5 20. Nxe5 Nxe5 21. b3 Bg4 22. Rxe8+
Qxe8 23. Re3 Ra7 24. h3 Bd7 25. Nb6 Ra1+ 26. Kh2 Bb5 $15 {Pukkila,M-Salimaki,J/
Helsinki 1999}) 14. Rab1 (14. h3 b5 15. axb5 axb5 16. Bg5 Qf8 17. Nh2 b4 18.
Nd1 Ne4 19. Bxe4 Rxe4 20. Be3 Nb6 $17 {Johansson,P-Yndesdal,K/Gausdal AC 1990})
14... Ng4 (14... c4 15. b4 cxb3 $5 16. Rxb3 Nc5 17. Ra3 Nfe4 (17... b5 $5 18.
axb5 axb5 19. Nd4 b4 20. Nc6 Qc7 21. Nxb8 Qxb8 22. Rb1 bxc3 $1 $17) 18. Nxe4
Nxe4 19. Qb4 b5 20. Re3 Bf5 21. Nd4 (21. Nd2 bxa4 22. Qa3 Bb2 23. Qxa4 Nc5 24.
Rxe7 Nxa4 25. Rxe8+ Rxe8 26. Nc4 Bd3 $5 27. Nxb2 Nxb2 28. Kf1 $1 $16) 21... a5
$5 22. Nxf5 Qa7 $1 23. Qb1 gxf5 24. Bxe4 bxa4 {Lanzendoerfer,J-Steinert,M/RLNS
1991} 25. Bxf5 $1 Rxe3 26. Bxh7+ Kh8 27. Qf5 Reb3 28. Qh5 $18) 15. b4 h6 $5 (
15... c4 $6 16. h3 Nge5 17. Nd4 Nf6 18. b5 (18. g4 Qf8 19. Bh2 h6 20. f4 Ned7
21. e4 $16) 18... axb5 19. Rxb5 Bd7 20. Rbb1 Qd8 21. Bg5 Qa5 22. Ncb5 Qxa4 23.
Nxd6 $18 {Arkell,K-Rudd,J/Scarborough 1999}) 16. h3 Nxf2 $5 17. Bxh6 (17. Kxf2
$140 $6 g5 $36) 17... Bxh6 18. Qxh6 Qe3 19. Qxe3 Rxe3 20. Kxf2 Rxc3 $132) (
12... Ng4 {/\ Ne5} 13. h3 (13. Rab1 Nde5 (13... Rb8 14. b4 cxb4 15. Rxb4 Nc5
16. Nd4 Bd7 17. a5 Rbd8 (17... h6 18. f3 g5 $5 19. fxg4 gxf4 20. Rxf4 Qg5 21.
Nf3 Qg6 $14) 18. Rfb1 Ne5 19. Bg5 f6 20. Bh6 Bxh6 21. Qxh6 Nf7 22. Qd2 Kg7 23.
Rxb7 $1 Nxb7 24. Rxb7 Qe8 25. Nc6 Rc8 26. Qd3 Bxc6 27. dxc6 Rxc6 28. Bxc6 Qxc6
29. Rb6 Qc5 30. Rxa6 $16 {Hausner,I-Suetin,A/Halle 1981}) 14. b4 b6 (14... cxb4
15. Rxb4 Nxf3+ 16. Bxf3 Ne5 $14) (14... Nxf3+ 15. Bxf3 g5 16. Bxg5 Bxc3 17.
Bxe7 Bxd2 18. bxc5 dxc5 19. Bxc5 Ne5 (19... Re8 20. Rfd1 Bc3 21. d6 Nf6 $132)
20. Bg2 Re8 21. Rfd1 Nc4 22. d6 Bd7 23. Bxb7 Bxa4 24. Bxa8 Rxa8 25. Rxd2 Nxd2
26. Rb4 Bd7 27. Be3 a5 28. Rb7 $16 {Hausner,I-Gobet,F/Augsburg 1986}) 15. bxc5
bxc5 16. h3 Nxf3+ 17. exf3 Ne5 18. Rbe1 $6 (18. Rfe1 $132) 18... Qc7 $5 (18...
Qd8 $132) 19. Bxe5 Bxe5 20. Rxe5 $5 dxe5 21. f4 Rb8 (21... exf4 22. d6 Qa7 23.
Bxa8 $16) (21... Rd8 22. Rd1 $44) 22. d6 Qa5 23. fxe5 Be6 $15 {Korchnoi,
V-Hulak,K/Wijk aan Zee 1983}) (13. b3 $6 Rb8 14. Rfe1 Re8 15. Rab1 (15. h3 Nge5
16. Nxe5 Nxe5 17. Bh6 Bxh6 18. Qxh6 f5 19. Qd2 b5 20. axb5 axb5 21. f4 b4 22.
Na4 {Berndt,K-Friesse,B/DDR-ch M916 corr 1989} Nf7 $132) 15... Nge5 (15... h6
$5 16. h3 g5 17. hxg4 (17. Bxg5 hxg5 18. hxg4 Ne5 19. Nxg5 b5 20. Nce4 Nxg4 $44
) 17... gxf4 18. gxf4 Qf6 19. Rbc1 b5 $44) 16. Bh6 Bh8 17. h3 b5 18. axb5 axb5
19. b4 Nc4 20. Qc1 Ba6 21. bxc5 dxc5 22. Bf4 Nde5 23. Ne4 Rbc8 24. Nxe5 Bxe5
25. Bxe5 Qxe5 26. Ra1 Bb7 27. Rd1 Red8 28. f4 Qg7 $15 {[%csl Rd5] Radashkovich,
I-Marovic,D/Beersheba 1976}) 13... Nge5 14. Nxe5 (14. b3 Nxf3+ 15. exf3 Ne5 16.
Rfe1 Qc7 17. Bh6 Bxh3 $6 18. Bxg7 Kxg7 19. Rxe5 $6 (19. f4 $142 $1 Bxg2 20.
fxe5 $16) 19... Bxg2 20. Re3 Bh3 21. g4 f5 22. Rae1 Rf7 23. Ne2 {Sofyan,
S-Simbolin,Y/Jakarta 1997} fxg4 24. Nf4 Qd7 25. Ne6+ Kg8 $13) 14... Nxe5 15. a5
Bd7 (15... Rb8 16. Na4 $1 Bd7 (16... Nc4 17. Qc2 Nxa5 18. Nxc5 $16) 17. Nb6 Bb5
18. b4 cxb4 19. Qxb4 g5 20. Bxe5 Bxe5 21. Rac1 f5 $1 22. Rfe1 h5 23. f4 gxf4
24. gxf4 Qh4 $5 25. e3 Kh8 26. Qd2 Bf6 $132 {Arkell,K-Kinsman,A/England 1999})
16. Rfb1 $1 (16. Bh6 $6 Nc4 $15 {><a5,b2}) 16... Rab8 (16... Rfb8 $142 $5 {/\}
17. Bh6 Bh8 $132) 17. Bh6 (17. b4 $6 Rfc8 $36) 17... Nc4 18. Qf4 Bxh6 19. Qxh6
b5 (19... Qd8 20. Qf4 Ne5 21. b4 $36) 20. axb6 Rxb6 21. b3 Ne5 22. Qe3 (22. f4
$2 Ng4 $1 23. hxg4 Qe3+ $17) (22. Qc1 $5 $14 {/\f4+-}) 22... Rfb8 (22... Bf5 $5
23. Rb2 (23. f4 $2 Bxb1 24. Rxb1 Nc6 $1 $19) 23... Qf6 $132 {/\Nc4}) 23. Nd1 g5
(23... Bf5 24. Rb2 $14 {/\f4,g4} (24. f4 $6 Bxb1 25. Rxb1 c4 $44)) 24. Qc3 (24.
f4 gxf4 25. gxf4 Ng6 $13) 24... Qf6 (24... f5 $5 25. f4 gxf4 26. gxf4 Ng6 27.
e3 Nh4 $132) 25. Qc1 h6 (25... h5 $5) (25... Rxb3 26. Rxb3 Rxb3 27. Rxa6 Bb5
28. Ra8+ Kg7 29. Rb8 $14) 26. Ne3 Bc8 27. Qc2 $14 Rb4 28. Ra4 $1 Rxa4 $6 (28...
Kg7 $142 $14) 29. bxa4 Rxb1+ $8 30. Qxb1 Bd7 31. Qb8+ Kg7 32. a5 {><a6,d6} Qg6
33. Qb6 $5 (33. g4 h5 $132 {Smyslov,V-Grooten,H/Tilburg 1992}) 33... f5 (33...
Bb5 34. g4 $16) 34. Qxa6 f4 35. Nc4 $16 {Stohl,I}) (12... Rb8 13. Rab1 (13. Bh6
b5 14. Bxg7 Kxg7 15. axb5 axb5 16. b4 Nb6 $1 17. bxc5 dxc5 18. Nxb5 Nbxd5 19.
Nc3 Rd8 20. Rfc1 Rb4 $10 {Margot,F-Wedberg,T/St Martin 1991}) 13... b5 $6 (
13... Ng4 $142 $5 14. b4 h6 $132) 14. axb5 axb5 15. b4 $1 Ba6 16. bxc5 Nxc5 17.
Nd4 Qd7 18. Nc6 Rb6 19. Be3 Re8 20. Bd4 Rb7 21. Nb4 $16 {Lundin,E-Olsson,A/
Karlskrona 1963}) (12... Nh5 13. Bh6 f5 14. Bxg7 Nxg7 15. Rab1 Rb8 16. b4 Ne8
17. Ng5 Ndf6 18. Rfd1 h6 19. Nh3 (19. Ne6 $5) 19... cxb4 20. Rxb4 g5 21. f4 Ng4
$6 (21... g4 22. Nf2 Nc7 23. a5 Bd7 $14) 22. e4 $1 $16 {Gokhan,D-Apaza,H/
Santiago 1990}) 13. b3 Bf5 $5 14. a5 Nc8 (14... Nbd7 15. Nh4 Ne4 16. Nxf5 gxf5
17. Nxe4 fxe4 18. Ra4 f5 19. f3 $14) 15. Bh6 Ne4 (15... b5 16. Bxg7 (16. axb6
Nxb6 17. Bxg7 Kxg7 18. Qb2 Rfb8 19. e4 Bg4 20. Nd2 Qe5 $132) 16... Kxg7 17. b4
cxb4 18. Na2 b3 19. Nb4 Be4 20. Qb2 $14) 16. Nxe4 Bxe4 17. Bxg7 Kxg7 18. b4 $1
cxb4 (18... Re8 19. Rfc1 b5 20. Ra3 $14) 19. Qxb4 $16 Na7 20. Ra3 Bxf3 21. Re3
Qd7 22. Bxf3 Nb5 23. Bg4 Qc7 24. h4 (24. Qd2 f5 25. Rc1 Qd7 26. Bf3 $16) 24...
h5 25. Bh3 Rae8 26. Qb2+ $6 (26. Rxe8 Rxe8 27. e3 $14) 26... Kg8 27. Rc1 Qxa5
$11 28. Rxe8 Rxe8 29. Bd7 Rf8 (29... Rb8) 30. Bxb5 Qxb5 31. Qxb5 axb5 32. Rb1
Rc8 33. Rxb5 Rc5 34. Rxb7 Rxd5 35. Kg2 Kg7 36. Kf3 1/2-1/2

[Event "EU-Cup 12th Group5"]
[Site "Thessaloniki"]
[Date "1996.11.23"]
[Round "3"]
[White "Goldin, Alexander"]
[Black "Horvath, Tamas"]
[Result "1-0"]
[WhiteElo "2570"]
[BlackElo "2410"]
[Annotator "Kapengut"]
[PlyCount "76"]
[EventDate "1996.11.??"]
[EventType "team-k.o."]
[EventRounds "3"]
[EventCountry "GRE"]
[SourceTitle "EXT 2020"]
[Source "ChessBase"]
[SourceDate "2019.10.17"]
[SourceVersion "1"]
[SourceVersionDate "2019.10.17"]
[SourceQuality "1"]
[WhiteTeam "Novosibirsk Sibekobank"]
[BlackTeam "Zalaegerszegi Csuti Antal SK"]
[WhiteTeamCountry "RUS"]
[BlackTeamCountry "HUN"]

1. d4 Nf6 2. c4 e6 3. Nf3 c5 4. d5 exd5 5. cxd5 g6 6. Nc3 d6 7. g3 Bg7 8. Bg2
O-O 9. O-O Nbd7 10. Bf4 Qe7 11. h3 a6 12. a4 Rb8 13. Rb1 Nh5 14. Bg5 f6 (14...
Bf6 {see Shipov,S-Rustemov,A}) 15. Bd2 f5 16. Qc1 (16. Kh2 {/\b4@} Ne5 17. b4
$1 cxb4 18. Rxb4 Bd7 $13) (16. b4 $6 cxb4 (16... Nxg3 $1 17. fxg3 Bxc3 18. Bxc3
Qe3+ 19. Kh2 Qxc3 20. Ng5 cxb4 21. Rb3 Qe5 22. Nf3 Qf6 23. Rxb4 a5 $1 $15) 17.
Rxb4 Nxg3 $1 (17... Nc5 $2 18. Nd4 Bd7 19. Qb1 a5 20. Rc4 Nxa4 $5 21. Ncb5 $1
Bxb5 22. Qxb5 Nc5 23. Ne6 (23. Bxa5 $2 Nxg3 $1) (23. Qxa5 $2 Bxd4 24. Rxd4 Nb3
$17) 23... Nxe6 24. dxe6 Nf6 25. Bxa5 Qxe6 26. Rc7 Ne4 27. Rd1 Rf7 28. Rxf7 {
Tukmakov,V-Ulybin,M/Simferopol 1988} Kxf7 $1 29. Bc7 Re8 30. Qxb7 Re7 $11) 18.
fxg3 Bxc3 $17 19. Bxc3 Qe3+ 20. Kh2 Qxc3 21. Qd4 Qxd4 22. Nxd4 Re8 23. Rc1 Kf7
24. Rc7 Kf6 25. a5 h6 $15 {Pavlovic,D-Abramovic,B/Nis 1983}) (16. e3 Nb6 17.
Qb3 Na8 18. Qa2 Nc7 19. Rfe1 (19. b4 $6 Kh8 (19... Nxg3 $2 20. fxg3 Bxc3 $2 21.
bxc5 $1 $18) (19... cxb4 $5 20. Rxb4 Nxg3 $1 21. fxg3 Bxc3 22. Bxc3 Qxe3+ 23.
Kh2 Qxc3 24. Rc4 Qg7 25. Rfc1 Na8 $15) 20. Rfd1 Rd8 21. Be1 h6 (21... b6 22.
bxc5 dxc5 23. Qa3 $14) 22. bxc5 dxc5 23. Rb6 Rd6 24. Rdb1 Nf6 25. Nd2 Nd7 26.
Rxd6 Qxd6 27. Nc4 Qf6 28. d6 $16 {Grabarczyk,M-Petkovski,V/Ohrid 2001}) 19...
b6 20. e4 fxe4 21. Nxe4 Bf5 22. Nxc5 $5 (22. Nfg5 Bd4 23. g4 Bxe4 24. Nxe4 Nf4
$132) 22... Bxb1 23. Qxb1 Qf7 24. Ne6 $14) (16. Qc2 Nhf6 17. b4 cxb4 18. Rxb4
Nc5 19. Nd4 Bd7 20. Qb1 Rbc8 $5 (20... Nfe4 21. Nxe4 Nxe4 22. Bxe4 fxe4 23. Ne6
Bxe6 24. Qxe4 Be5 25. dxe6 Qxe6 $14 {Obukhov,A-Cherniak,L/Smolensk 1991}) 21.
a5 (21. Nb3 b5 22. axb5 axb5 23. Nd4 Na6 $1 24. Rb3 b4 25. Na2 Ne4 $15) 21...
Rc7 22. Rd1 $13 {Drasko,M-Petronic,J/Jugoslavija 1997}) (16. Bg5 Qe8 (16...
Nhf6) 17. Qd2 Ne5 $11 18. b4 $5 (18. Rfe1 $6 f4 19. g4 h6 20. gxh5 hxg5 21. Ne4
gxh5 22. Nxd6 Nxf3+ 23. Bxf3 Qg6 $132) (18. Bh6 $6 Bxh6 (18... f4 $5 19. Bxg7
Nxg7 20. Nxe5 Qxe5 21. gxf4 Rxf4 $36) 19. Qxh6 f4 $1 $15 {'und angesichts der
Drohung Nf7 kam Schwarz schnell in Vorteil'} 20. Ng5 Qe7 21. Nce4 Bf5 22. g4
Bxe4 23. Bxe4 Nf6 24. Bg2 Kh8 $17 {Razuvaev,Y-Zuckerman,B/Polanica Zdroj 1972})
18... Nf7 (18... f4 19. bxc5 dxc5 20. g4 h6 21. Bxh6 Bxh6 22. gxh5 Nxf3+ 23.
exf3 gxh5 24. Rb6 $36) 19. Be3 f4 20. gxf4 Bf5 21. bxc5 $5 (21. Rb2 $140 cxb4
22. Rxb4 Qc8 23. Rc1 Bxh3 $132) 21... Bxb1 22. Rxb1 dxc5 23. Bxc5 Rc8 24. Bd4
$1 $14) 16... Ne5 17. b4 cxb4 18. Rxb4 a5 (18... Bd7 $5 19. a5 Rfc8 20. Nd4 Qd8
21. Qd1 Qxa5 (21... Nc4 22. Nc6 $5 bxc6 23. Rxc4 c5 $132) 22. Na4 Bh6 $5 23. f4
b5 24. Rxb5 Qxd2 25. Qxd2 axb5 26. Nb2 Nxg3 27. Ra1 Ne4 $44) 19. Rb3 Bd7 20.
Bg5 Bf6 (20... Qf7 21. Nxe5 Bxe5 22. Nb5 f4 $140 23. g4 Nf6 24. Qd2 Bxb5 25.
axb5 Nd7 26. Rf3 $14) 21. Bxf6 Nxf6 22. Nd4 Rfc8 23. Qe3 Qf7 24. Rfb1 Nc4 25.
Qg5 b6 26. Nc6 Bxc6 27. dxc6 d5 28. Rd1 Rxc6 29. Nxd5 $16 Kg7 30. Nxf6 Rxf6 31.
Qf4 Rc8 32. Rc3 Rc5 33. Rdc1 Nd6 34. Rxc5 bxc5 35. Rxc5 Qa7 36. Qe5 Nf7 37. Qc3
Qe7 38. e3 g5 1-0

[Event "World Cup"]
[Site "Khanty-Mansiysk"]
[Date "2007.12.04"]
[Round "4.2"]
[White "Bareev, Evgeny"]
[Black "Alekseev, Evgeny V"]
[Result "1/2-1/2"]
[WhiteElo "2653"]
[BlackElo "2716"]
[Annotator "Marin,M"]
[PlyCount "59"]
[EventDate "2007.11.24"]
[EventType "k.o."]
[EventRounds "7"]
[EventCountry "RUS"]
[SourceTitle "CBM 122"]
[Source "ChessBase"]
[SourceDate "2008.01.30"]
[SourceVersion "1"]
[SourceVersionDate "2008.01.30"]
[SourceQuality "1"]

1. d4 Nf6 2. c4 e6 3. g3 c5 4. d5 exd5 5. cxd5 d6 6. Nc3 g6 7. Nf3 Bg7 8. Bg2
O-O 9. O-O Nbd7 10. h3 ({The classical main line continues with} 10. Nd2 a6 11.
a4 Re8 12. h3 Rb8 {when after} 13. Nc4 {both} Nb6 {and 13...Ne5 are supposed
to lead to adequate counterplay for Black.}) 10... a6 11. a4 Rb8 12. Bf4 {
By maintaining his knight on f3, White hopes for rapid development of pieces,
in order to put Black under pressure as soon aspossible.} Qe7 13. e4 ({The
alternate plan is} 13. Rb1 {[%cal Gb2b4]}) 13... h6 $5 {A relatively
unexplored move.} ({The main course of theory continues with} 13... b5 14. axb5
axb5 15. Re1 Ne8 16. Ra7 $5 (16. Qe2 {is supposed to be slightly unpleasant
but entirely defensible for Black.} Rb6 (16... b4 17. Nb5 Rb6 {Atalik,E (2400)
-Stein,A (2412)/San Fransisco 2007/CBM 119 ext (1/2-1/2, 52)} 18. Na7 Bb7 19.
e5 $36 {[%cal Ga7c6,Rg2c6]}) 17. Nxb5 Ba6 18. Rxa6 Rxa6 19. Nbd4 Nb8 20. Nc6
Rxc6 21. dxc6 Nxc6 {White continues to be better developed, but the weakness
of the b2-pawn and of the d4-square offer Black suficient play.} 22. e5 (22.
Rd1 {Drasko,M (2465)-Renet,O (2455)/Vrnjacka Banja 1987/EXT 97 (1-0, 55)} Nd4
23. Nxd4 Bxd4 $11) 22... Nxe5 23. Nxe5 dxe5 24. Bxe5 Nc7 25. Bxg7 Qxe2 26. Rxe2
Kxg7 27. Rc2 Ne6 28. Bd5 Rb8 29. Bxe6 {1/2-1/2 Razuvaev,Y (2535)-Psakhis,L 
(2555)/Irkutsk 1986/TD}) 16... Qd8 17. Bf1 $1 ({neutral moves such as} 17. Qc1
{allow Black consolidate his advantage of space on the queenside.} Qb6 18. Ra1
c4 $1 {A more favourable way to advance pawns than in the main line.} 19. Be3
Nc5 20. e5 Qc7 21. Bxc5 Qxc5 22. Qd2 Bb7 23. Rad1 dxe5 24. Nxe5 Rd8 25. Qf4 Nd6
26. Nc6 Rde8 27. g4 Kh8 28. Ne5 {1/2-1/2 Martin,A (2340)-Mestel,A (2500)/
Southport 1983/EXT 99}) 17... b4 18. Na4 $14 {[%csl Gc4,Gd6] Sorokin,M (2575)
-Hoffman,A (2510)/Buenos Aires 1998/CBM 064 ext (1-0, 40)}) 14. Re1 ({Here,
too,} 14. Rb1 {has been tried.} g5 15. Bd2 Ne8 $6 {After Black's refusal to
fight for the centre, White's strategy is fully justified.} ({The critical
line is} 15... Nxe4 $5 16. Nxe4 Qxe4 17. Nxg5 Qg6 18. Ne4 Ne5 $132 {[%csl Ge4]
[%cal Gc8h3,Yf7f5,Ye5c4]}) 16. Re1 Nc7 17. Qc2 b5 18. axb5 Nxb5 19. Nxb5 Rxb5
20. b4 $14 {Gleizerov,E (2520)-Moiseev,V (2450)/Berlin 1994/EXT 97 (1-0, 33).
White is better developed, has a compact structure, while the enemy
king'sposition is somewhat weak.}) 14... g5 $5 $146 (14... Nh5 {drives the
bishop away, but releases the pressure against the white centre.} 15. Be3 b5
16. axb5 axb5 17. Ra7 (17. Ra5 $5 Qd8 $5 18. Qa1 $1 b4 19. Nb5 Bxb2 20. Qxb2
Qxa5 21. Nxd6 $44) 17... b4 18. Na4 Rb7 19. Rxb7 Bxb7 20. e5 Nxe5 21. Nxe5 Bxe5
22. g4 Ng7 23. f4 Bf6 24. Bxc5 $14 {Vanheste,J (2290)-Cardon,H (2380)/
Netherlands 1987/TD (1/2-1/2, 48)}) 15. Bxd6 {Practically forced.} ({After} 15.
Be3 b5 {the e4-pawn would be in danger; to be compared to the line after 14...
Nh5, above.}) 15... Qxd6 16. e5 Qb6 17. exf6 Nxf6 {White has a strong central
passed pawn, while Black's position is not without weaknesses. However, the
stability on dark sqares will allow Black equalize in just a few moves.} 18.
Qc2 Ne8 $1 {[%cal Ge8d6]} 19. a5 Qd8 20. Nd2 Nd6 21. Nce4 Nxe4 22. Nxe4 b6 $132
{[%csl Yb2,Gg7] Now, the weaknesses will compensate for each other. White has
no advantage at all.} 23. axb6 Qxb6 24. Nxc5 Qxb2 25. Qxb2 Bxb2 26. Rad1 Ba3
27. Ne4 Bb4 28. Re3 Kg7 29. g4 a5 30. Ng3 1/2-1/2